|
|
|
|
| LEADER |
01036cam a2200265 7i4500 |
| 001 |
0000079521 |
| 005 |
20230919090000.0 |
| 020 |
|
|
|a 9780231557535 (electronic book)
|
| 090 |
0 |
0 |
|a GF75
|b .C64 2023
|
| 100 |
1 |
|
|a Cohen, Steven
|
| 245 |
1 |
0 |
|a Environmentally sustainable growth :
|b a pragmatic approach
|c Steven Cohen.
|
| 250 |
|
|
|a First edition.
|
| 264 |
|
|
|a New York:
|b Columbia University Press,
|c 2023.
|
| 300 |
|
|
|a 1 online resource (xix, 216 pages):
|b text file, PDF.
|
| 336 |
|
|
|a text
|2 rdacontent
|
| 337 |
|
|
|a computer
|2 rdamedia
|
| 338 |
|
|
|a online resource
|2 rdacarrier
|
| 650 |
|
0 |
|a Infrastructure (Economics) --
|x Environmental aspects
|
| 650 |
|
0 |
|a Nature --
|x Effect of human beings on
|
| 650 |
|
0 |
|a Environmental policy --
|x Economic aspects
|
| 650 |
|
0 |
|a Sustainable development --
|x Political aspects
|
| 650 |
|
0 |
|a Green technology --
|x Technological innovations
|
| 655 |
|
0 |
|a Electronic books
|
| 856 |
4 |
2 |
|u http://library.unisel.edu.my/web/guest/mylibrary
|
| 999 |
|
|
|a EBO0021784
|b EBOOK
|c EBOOK
|e Electronic resources
|